00287nam a2200121Ia 45000030006000000080041000060400015000471000012000622450034000742600028001085460012001360050017001480STCL150530s9999 xx 000 0 und d aSTCLcSTCL aDouglas aHouse with the green shutters bOxford universityc1938 aEnglish20220125171056.0